Flächenmäßig größte und kleinste Gemeinde jedes Bundeslandes (Österr.) - Statistiken

Allgemein
  • Dieses Quiz wurde 19 mal gespielt
  • Das Durchschnittsergebnis liegt bei 5 aus 17
Antwortstatistiken
BL Fläche Gemeinde % Korrekt
W 415 km² Wien
92%
TI 467 km² Sölden
69%
ST 414 km² Mariazell
54%
TI 0.11 km² Rattenberg
54%
256 km² Zwettl-NÖ
38%
KT 278 km² Wolfsberg
31%
VO 177 km² Gaschurn
23%
230 km² Grünau im Almtal
23%
SB 253 km² Rauris
23%
ST 4.21 km² Arnfels
15%
BG 92 km² Illmitz
15%
VO 1.45 km² Röns
15%
SB 3.20 km² Schwarzach im Pongau
15%
BG 1.71 km² Tschanigraben
15%
1.47 km² Hirtenberg
8%
KT 11.9 km² Krumpendorf am Wörthersee
8%
2.11 km² Neumarkt im Hausruckkreis
8%
Keine übereinstimmenden Quizze gefunden
Verteilung der Resultate
Anzahl Personen mit jedem Resultat
Perzentil nach korrekt beantworteten Fragen
Ihre Resultats-Entwicklung
Sie haben dieses Quiz noch nicht gespielt